Sports Quiz

Random Sports or MLB Quiz

MLB World Series Game 1 Starters Quiz Stats

 Plays Quiz Updated Oct 21, 2020

Support Sporcle.
Go Orange.
Score 0/80 Timer 12:00
3 Plays Today
% Correct
Clayton Kershaw
89.8%
Clayton Kershaw
88.9%
Clayton Kershaw
87.1%
Justin Verlander
84.9%
Justin Verlander
84.8%
Max Scherzer
84.4%
Roger Clemens
80.5%
Curt Schilling
76.9%
Curt Schilling
76.9%
Greg Maddux
76.3%
Greg Maddux
76.3%
Gerrit Cole
76%
Jon Lester
73.8%
Tim Lincecum
73.5%
Chris Carpenter
73.1%
Tom Glavine
72.9%
Chris Sale
72%
Madison Bumgarner
71.2%
John Smoltz
70.9%
Cliff Lee
70%
Cliff Lee
69.8%
C.C. Sabathia
67.5%
Jon Lester
67.4%
Corey Kluber
66.8%
Adam Wainwright
64.5%
Josh Beckett
62.9%
Andy Pettitte
62.3%
Andy Pettitte
62.3%
Jack Morris
61.2%
Jack Morris
61.2%
Jack Morris
61.2%
Cole Hamels
60.1%
Matt Harvey
59.1%
Dallas Keuchel
53.5%
David Wells
51.4%
David Wells
51.4%
Livan Hernandez
51.1%
Orlando Hernandez
51.1%
Dave Stewart
51%
Dave Stewart
51%
% Correct
Dave Stewart
51%
Mike Mussina
50.1%
Barry Zito
48.6%
James Shields
46.7%
Tyler Glasnow
45%
Orel Hershiser
44.3%
Orel Hershiser
44.3%
Kevin Brown
41.3%
C.J. Wilson
37.3%
Tim Wakefield
36.8%
Ron Guidry
34.5%
Frank Viola
33.2%
Al Leiter
33.1%
Jose Rijo
32.3%
Edinson Volquez
31.3%
Ron Darling
29.2%
Jason Schmidt
27.4%
Scott Kazmir
27.1%
John Tudor
25.5%
Danny Jackson
21.7%
Woody Williams
20.9%
Bruce Hurst
20.7%
Jeff Francis
20%
Jose Contreras
19.3%
Brad Penny
15.8%
Charlie Leibrandt
15.1%
Dennis Leonard
15%
Juan Guzman
14.9%
John Denny
14.3%
Jarrod Washburn
13.5%
Bob Forsch
12.9%
Scott McGregor
12.8%
Jerry Reuss
10%
Bob Walk
9.7%
Tim Belcher
9.1%
Mike Caldwell
8.5%
Anthony Reyes
8.2%
Joe Magrane
8%
Scott Garrelts
5.7%
Mark Thurmond
3.8%

From the Vault

2 Words, 1 Answer: F

by MSUKent

We're 100% not guessing any grades with the quiz title. We promise.
Remove Ads.
Support Sporcle.
Get the best of Sporcle when you Go Orange. This ad-free experience offers more features, more stats, and more fun while also helping to support Sporcle. Thank you for becoming a member.

Show Comments

Extras

Top Quizzes Today


Score Distribution

Your Account Isn't Verified!

In order to create a playlist on Sporcle, you need to verify the email address you used during registration. Go to your Sporcle Settings to finish the process.

Report this User

Report this user for behavior that violates our Community Guidelines.

Details: